[Event "Porticcio op 9th"]
[Site "Porticcio"]
[Date "2008.05.10"]
[Round "?"]
[White "Massoni, Michael"]
[Black "Rossi, Pascal"]
[Result "1-0"]
[WhiteElo "2176"]
[BlackElo "1841"]
[PlyCount "35"]
[EventDate "2008.05.09"]
[EventType "swiss"]
[EventRounds "11"]
[EventCountry "FRA"]
[SourceTitle "CBM 124 Extra"]
[Source "ChessBase"]
[SourceDate "2008.07.03"]
[SourceVersion "1"]
[SourceVersionDate "2008.07.03"]
[SourceQuality "1"]

1. e4 d5 2. exd5 Qxd5 3. Nc3 Qa5 4. d4 Bf5 5. Bc4 e6 6. Qe2 c6 7. Bd2 Qc7 8. d5 e5 9. Nf3 Nd7 10. dxc6 bxc6 11. Nd4 Bg6 12. f4 0-0-0 13. fxe5 Nxe5 14. Ba6+ Kb8 15. Bf4 Bd6 16. 0-0-0 Nf6 17. Bxe5 Bxe5 18. Qxe5 1-0

[Event "Corsica-ch"]
[Site "Bastia"]
[Date "2007.06.02"]
[Round "1.2"]
[White "Rossi, Pascal"]
[Black "Humeau, Cyril"]
[Result "0-1"]
[WhiteElo "1851"]
[BlackElo "2162"]
[PlyCount "78"]
[EventDate "2007.06.02"]
[EventType "k.o."]
[EventRounds "4"]
[EventCountry "FRA"]
[SourceTitle "CBM 119 Extra"]
[Source "ChessBase"]
[SourceDate "2007.09.04"]
[SourceVersion "1"]
[SourceVersionDate "2007.09.04"]
[SourceQuality "1"]

1. d4 d5 2. c4 dxc4 3. Nc3 a6 4. a4 Nc6 5. e3 e5 6. Bxc4 exd4 7. exd4 Nxd4 8. Be3 Ne6 9. Qf3 Nf6 10. Nge2 Bd6 11. 0-0 0-0 12. Rad1 Re8 13. Ng3 Qe7 14. Nf5 Qf8 15. Nxd6 cxd6 16. Qg3 Nc5 17. Nd5 Nxd5 18. Bxd5 Be6 19. Bxc5 dxc5 20. Bxb7 Ra7 21. Bd5 Rae7 22. Bc6 Rc8 23. Qf3 Bg4 24. Qxg4 Rxc6 25. Rd2 g6 26. Rfd1 Rce6 27. Kf1 Qe8 28. g3 Re1+ 29. Kg2 Qc6+ 30. Kh3 R1e4 31. Rd8+ Kg7 32. Qc8 Qxc8+ 33. Rxc8 Rxa4 34. Rxc5 Re2 35. f4 Rxb2 36. Rd7 Raa2 37. Rcc7 Rxh2+ 38. Kg4 h5+ 39. Kf3 Ra3+ 0-1

[Event "Calvi Balagne op 04th"]
[Site "Calvi"]
[Date "2007.02.26"]
[Round "1"]
[White "Wang, Yue"]
[Black "Rossi, Pascal"]
[Result "1-0"]
[WhiteElo "2644"]
[BlackElo "1851"]
[PlyCount "49"]
[EventDate "2007.02.26"]
[EventType "swiss"]
[EventRounds "7"]
[EventCountry "FRA"]
[SourceTitle "CBM 117 Extra"]
[Source "ChessBase"]
[SourceDate "2007.05.09"]
[SourceVersion "1"]
[SourceVersionDate "2007.05.09"]
[SourceQuality "1"]

1. d4 d5 2. c4 e6 3. Nc3 Nf6 4. Bg5 Be7 5. Nf3 c6 6. e3 Nbd7 7. Qc2 0-0 8. Rd1 h6 9. Bh4 Qa5 10. a3 Re8 11. Be2 Bd6 12. 0-0 dxc4 13. Bxc4 Qh5 14. Be2 Nd5 15. Ne4 Be7 16. Bg3 Qg6 17. Bd3 f5 18. Nd6 Rf8 19. e4 N5b6 20. exf5 Qg4 21. h3 Qh5 22. fxe6 Nf6 23. Nxc8 Raxc8 24. Ne5 c5 25. Bg6 1-0

[Event "Bastiais Master 4th"]
[Site "Bastia"]
[Date "2006.11.??"]
[Round "?"]
[White "Rossi, Pascal"]
[Black "Geronimi, Didier"]
[Result "1-0"]
[WhiteElo "1842"]
[BlackElo "1710"]
[PlyCount "37"]
[EventDate "2006.11.??"]
[EventType "swiss"]
[EventRounds "9"]
[EventCountry "FRA"]
[SourceTitle "CBM 115 Extra"]
[Source "ChessBase"]
[SourceDate "2007.01.10"]
[SourceVersion "1"]
[SourceVersionDate "2007.01.10"]
[SourceQuality "1"]

1. d4 d5 2. e4 dxe4 3. Nc3 Nf6 4. f3 exf3 5. Nxf3 e6 6. Bg5 Be7 7. Bc4 c6 8. 0-0 0-0 9. Kh1 b5 10. Bd3 Nbd7 11. Ne5 h6 12. Nxc6 Qe8 13. Nxe7+ Qxe7 14. Bh4 Qb4 15. Bxf6 Nxf6 16. Rxf6 gxf6 17. Qf3 Qxb2 18. Rb1 Qxc3 19. Bh7+ 1-0

[Event "Corsica-ch"]
[Site "Bastia"]
[Date "2006.05.05"]
[Round "1.1"]
[White "Massoni, Michael"]
[Black "Rossi, Pascal"]
[Result "1-0"]
[WhiteElo "2040"]
[BlackElo "1811"]
[PlyCount "45"]
[EventDate "2006.05.03"]
[EventType "k.o."]
[EventRounds "4"]
[EventCountry "FRA"]
[SourceTitle "EXT 2007"]
[Source "ChessBase"]
[SourceDate "2006.11.23"]
[SourceVersion "1"]
[SourceVersionDate "2006.11.23"]
[SourceQuality "1"]

1. e4 c5 2. Nf3 d6 3. d4 cxd4 4. Nxd4 Nf6 5. Nc3 g6 6. Be3 Bg7 7. f3 0-0 8. Qd2 Nc6 9. 0-0-0 d5 10. Nxc6 bxc6 11. exd5 Qa5 12. Bc4 Rb8 13. Bb3 Bf5 14. g4 Rxb3 15. cxb3 Bd7 16. Kb1 cxd5 17. Bd4 e5 18. Bxe5 Be6 19. Bxf6 Bxf6 20. Nxd5 Bd8 21. Ne7+ Kg7 22. Qd4+ Kh6 23. Nc6 1-0

[Event "Corsica-chT"]
[Site "Travo"]
[Date "2006.03.??"]
[Round "1.4"]
[White "Pinelli, Charles"]
[Black "Rossi, Pascal"]
[Result "0-1"]
[WhiteElo "1300"]
[BlackElo "1811"]
[PlyCount "87"]
[EventDate "2006.04.09"]
[EventType "team"]
[EventRounds "3"]
[EventCountry "FRA"]
[SourceTitle "EXT 2007"]
[Source "ChessBase"]
[SourceDate "2006.11.23"]
[SourceVersion "1"]
[SourceVersionDate "2006.11.23"]
[SourceQuality "1"]

1. c4 Nf6 2. Nc3 g6 3. e4 d6 4. d4 Bg7 5. Nf3 0-0 6. Be2 Nc6 7. 0-0 Nh5 8. Be3 f5 9. exf5 Bxf5 10. d5 Nb8 11. Ng5 Nf6 12. Ne6 Bxe6 13. dxe6 Qc8 14. Nd5 Nc6 15. Bg5 Rb8 16. Bg4 Nxg4 17. Qxg4 Kh8 18. Nxe7 Nxe7 19. Bxe7 Re8 20. Bh4 Qxe6 21. Qxe6 Rxe6 22. Rae1 Rbe8 23. f3 Bd4+ 24. Kh1 Bxb2 25. Rxe6 Rxe6 26. Re1 Rxe1+ 27. Bxe1 Kg7 28. Bh4 h6 29. Bd8 c6 30. Bc7 Ba3 31. Kg1 Kf7 32. Kf2 Ke6 33. Bb8 Bc5+ 34. Kg3 a6 35. h4 d5 36. cxd5+ Kxd5 37. Kg4 Ke6 38. Bf4 h5+ 39. Kg5 Kf7 40. g4 Be7+ 41. Kh6 hxg4 42. fxg4 Bxh4 43. Bg5 Bxg5+ 44. Kxg5 0-1

[Event "Bastiais Master 3rd"]
[Site "Bastia"]
[Date "2006.01.27"]
[Round "2"]
[White "Geronimi, Pierre Francois"]
[Black "Rossi, Pascal"]
[Result "0-1"]
[WhiteElo "1839"]
[BlackElo "1811"]
[PlyCount "64"]
[EventDate "2006.01.14"]
[EventType "swiss"]
[EventRounds "9"]
[EventCountry "FRA"]
[SourceTitle "EXT 2007"]
[Source "ChessBase"]
[SourceDate "2006.11.23"]
[SourceVersion "1"]
[SourceVersionDate "2006.11.23"]
[SourceQuality "1"]

1. e4 d5 2. exd5 Qxd5 3. Nc3 Qa5 4. d4 Nf6 5. Bd2 c6 6. Bc4 Qc7 7. Nf3 Bf5 8. 0-0 e6 9. Re1 Nbd7 10. Ne5 Nxe5 11. dxe5 Nd5 12. Bb3 0-0-0 13. Nxd5 exd5 14. f4 Bc5+ 15. Kh1 h5 16. Be3 Bxe3 17. Rxe3 g5 18. fxg5 Be4 19. Qf1 Qxe5 20. Rxe4 Qxe4 21. Re1 Qg6 22. Qf4 Rhe8 23. Rf1 Re4 24. Qd2 Rde8 25. h3 Qe6 26. c3 Re2 27. Qc1 Qe4 28. Rg1 Qh4 29. Kh2 Re1 30. Rxe1 Rxe1 31. Qd2 Qe4 32. Bc2 Qe5+ 0-1